000 01008cam a2200265 4500
008 000000n2001 000 0 eng u
020 _a1900858584
035 _a(Sirsi) u111285
041 _aeng
050 _a690.24
110 _aBuilding Maintenance Information
_93229
245 _aInformation guide for facilities management: a guide to information sources for building maintenance and facilties management 2001.
260 _aLondon
_bBuilding Maintenance Information
_c2001
300 _a112p. ; 30cm.
350 _a0
490 _aSerial
_v298
520 _aThis item is part of a subscription service and cannot be photocopied. Neither can any part of it be read out over the phone. Please contact BMI direct on 0207-222-7000 for details.
650 _aASSOCIATIONS
650 _aBUILT ENVIRONMENT-BUILDING MAINTENANCE AND REFURBISHMENT
650 _aDIRECTORIES
650 _aFACILITIES MANAGEMENT
_96240
650 _aORGANISATIONS
690 _aBUILT ENVIRONMENT
942 _n0
999 _c101216
_d101216